Mungbean diseases and their control - A review
Na minha lista:
| Autor principal: | |
|---|---|
| Formato: | Livro |
| Idioma: | Undetermined |
| Publicado em: |
Thailand
Funny Publishing Limited Partnership
1987
|
| Assuntos: | |
| Tags: |
Adicionar Tag
Sem tags, seja o primeiro a adicionar uma tag!
|
| Thư viện lưu trữ: | Trung tâm Học liệu Trường Đại học Cần Thơ |
|---|
| LEADER | 00538nam a2200181Ia 4500 | ||
|---|---|---|---|
| 001 | CTU_38696 | ||
| 008 | 210402s9999 xx 000 0 und d | ||
| 082 | |a 633.393 | ||
| 082 | |b Y21 | ||
| 100 | |a Charles Y Yang | ||
| 245 | 0 | |a Mungbean diseases and their control - A review | |
| 245 | 0 | |c Charles Y Yang | |
| 260 | |a Thailand | ||
| 260 | |b Funny Publishing Limited Partnership | ||
| 260 | |c 1987 | ||
| 650 | |a mungbean - diseases and pest - control | ||
| 904 | |i Liên, 990819 | ||
| 980 | |a Trung tâm Học liệu Trường Đại học Cần Thơ | ||